Statistics for City or Capital City?

Click here to take the quiz!

General Stats

  • This quiz has been taken 53 times
    (22 since last reset)
  • The average score is 14 of 15

Answer Stats

QuestionAnswer% Correct
ZagrebCapital City
100%
SofiaCapital City
100%
KievCapital City
100%
RiyadhCapital City
100%
SeroweNon-Capital City
100%
AsuncionCapital City
95%
BarcelonaNon-Capital City
95%
New York CityNon-Capital City
95%
CasablancaNon-Capital City
95%
PretoriaCapital City
91%
AucklandNon-Capital City
91%
Sao PauloNon-Capital City
91%
AbujaCapital City
82%
PraiaCapital City
73%
JohannesburgNon-Capital City
73%

Score Distribution

Percentile by Number Answered

Percent of People with Each Score

Your Score History

You have not taken this quiz since the last reset